| 000 | 00785nas a2200265 4500 | ||
|---|---|---|---|
| 001 | BR0810226 | ||
| 003 | BR-BrBNA | ||
| 005 | 20231205112933.0 | ||
| 007 | ta | ||
| 008 | 230509b bl.|||p| |||| 00| 00por d | ||
| 040 |
_aBR-BrBNA _bpor _cBiblioteca Nacional de Agricultura |
||
| 041 | _a(Pt) | ||
| 072 | _aF04 | ||
| 100 | 1 | _aFarret, I.S. | |
| 100 | 1 | _aSchlosser, J.F. | |
| 100 | 1 | _aDurigon, R. | |
| 100 | 1 | _aWerner, V. | |
| 100 | 1 | _aKnob, M. | |
| 245 | 1 | _aVariação da regulagem no perfil transversal de aplicação com distribuidores centrífugos | |
| 650 | _aEQUIPAMENTO | ||
| 650 | _aADUBAÇÃO | ||
| 773 | 0 |
_tCiência Rural (Brazil) _xISSN 0103-8478 _g(Oct 2008), v. 38(7) p. 1886-1892 _wBR0810226 |
|
| 909 |
_a202311 _bLúcia _c55 _dLúcia Elande |
||
| 942 |
_2AGRIS _n0 _cANA |
||
| 999 |
_c200899 _d200899 |
||